[Event "Wch Seniors 14th"]
[Site "Halle"]
[Date "2004.11.05"]
[Round "11"]
[White "Taubin, Grigorij"]
[Black "Mueller, Heinz"]
[Result "1-0"]
[WhiteElo "2313"]
[BlackElo "1995"]
[PlyCount "93"]
[EventDate "2004.10.24"]
[EventType "swiss"]
[EventRounds "11"]
[EventCountry "GER"]
[SourceTitle "EXT 2005"]
[Source "ChessBase"]
[SourceDate "2004.11.15"]
[SourceVersion "1"]
[SourceVersionDate "2004.11.15"]
[SourceQuality "1"]

1. d4 d5 2. Nf3 Nf6 3. g3 g6 4. Bg2 Bg7 5. 0-0 0-0 6. Nbd2 c6 7. c4 Nbd7 8. e3 Nb6 9. b3 Bg4 10. Bb2 Qd7 11. Re1 Ne4 12. Qc2 Nxd2 13. Nxd2 Bf5 14. Qc1 Qe8 15. f3 Bc8 16. e4 Qd8 17. exd5 cxd5 18. c5 Nd7 19. b4 Nf6 20. a4 Bd7 21. b5 a6 22. Bf1 axb5 23. axb5 e6 24. Rxa8 Qxa8 25. Qc3 Rc8 26. Nb3 Ne8 27. b6 Nd6 28. Ra1 Qb8 29. Qb4 Nf5 30. f4 Ne7 31. Na5 h5 32. Bb5 Be8 33. Bxe8 Rxe8 34. Qa4 Rd8 35. h4 Qc8 36. Rc1 Qa8 37. Bc3 Nc6 38. Ra1 Ne7 39. Qb5 Qc8 40. Kg2 Kh7 41. Qb2 Kg8 42. Nxb7 Rd7 43. Nd6 Rxd6 44. cxd6 Nf5 45. b7 Qc4 46. b8Q+ Kh7 47. Q8b5 1-0

[Event "Wch Seniors 14th"]
[Site "Halle"]
[Date "2004.10.29"]
[Round "6"]
[White "Werchan, Hans"]
[Black "Taubin, Grigorij"]
[Result "1/2-1/2"]
[WhiteElo "2142"]
[BlackElo "2313"]
[PlyCount "71"]
[EventDate "2004.10.24"]
[EventType "swiss"]
[EventRounds "11"]
[EventCountry "GER"]
[SourceTitle "EXT 2005"]
[Source "ChessBase"]
[SourceDate "2004.11.15"]
[SourceVersion "1"]
[SourceVersionDate "2004.11.15"]
[SourceQuality "1"]

1. Nf3 d5 2. c4 c6 3. g3 Nf6 4. Bg2 Bf5 5. Qb3 Qb6 6. Nc3 e6 7. 0-0 Nbd7 8. d4 Qxb3 9. axb3 Bc2 10. Nd2 Bb4 11. e3 0-0 12. Bf3 a5 13. Bd1 Bxd1 14. Rxd1 b6 15. Nf3 Bd6 16. Bd2 h6 17. Kg2 Ne4 18. Be1 f5 19. Ng1 g5 20. f3 Nef6 21. Nge2 Bc7 22. Nc1 Rfb8 23. Nd3 b5 24. c5 e5 25. Nf2 exd4 26. exd4 Re8 27. Bd2 b4 28. Na2 Kf7 29. Re1 Rxe1 30. Rxe1 Re8 31. Rxe8 Nxe8 32. Nc1 Ng7 33. Nfd3 Ne6 34. Ne2 Bd8 35. Be1 Bf6 36. Bf2 1/2-1/2

[Event "Wch Seniors 14th"]
[Site "Halle"]
[Date "2004.10.26"]
[Round "3"]
[White "Taubin, Grigorij"]
[Black "Schuler, Georg"]
[Result "1-0"]
[WhiteElo "2313"]
[BlackElo "2085"]
[PlyCount "57"]
[EventDate "2004.10.24"]
[EventType "swiss"]
[EventRounds "11"]
[EventCountry "GER"]
[SourceTitle "EXT 2005"]
[Source "ChessBase"]
[SourceDate "2004.11.15"]
[SourceVersion "1"]
[SourceVersionDate "2004.11.15"]
[SourceQuality "1"]

1. d4 Nf6 2. Nf3 b6 3. g3 Bb7 4. Bg2 d6 5. 0-0 Nbd7 6. c4 e6 7. Nc3 Be7 8. Qc2 Rb8 9. b3 0-0 10. Bb2 d5 11. Rad1 c6 12. e4 Nxe4 13. Nxe4 dxe4 14. Qxe4 Nf6 15. Qe2 Qc7 16. Ne5 Rbd8 17. Qf3 Rc8 18. Rfe1 Ba8 19. Qc3 c5 20. dxc5 Bxg2 21. Kxg2 Qxc5 22. Qf3 Rfd8 23. g4 Bd6 24. g5 Bxe5 25. Rxd8+ Rxd8 26. Rxe5 Nd5 27. cxd5 exd5 28. Qc3 Qf8 29. Qd4 1-0

[Event "Wch Seniors 14th"]
[Site "Halle"]
[Date "2004.10.24"]
[Round "1"]
[White "Taubin, Grigorij"]
[Black "Benne, Horst"]
[Result "1/2-1/2"]
[WhiteElo "2313"]
[BlackElo "2156"]
[PlyCount "42"]
[EventDate "2004.10.24"]
[EventType "swiss"]
[EventRounds "11"]
[EventCountry "GER"]
[SourceTitle "EXT 2005"]
[Source "ChessBase"]
[SourceDate "2004.11.15"]
[SourceVersion "1"]
[SourceVersionDate "2004.11.15"]
[SourceQuality "1"]

1. d4 Nf6 2. Nf3 d5 3. c4 g6 4. Bg5 Bg7 5. Nc3 Ne4 6. Bf4 Nxc3 7. bxc3 c5 8. cxd5 Qxd5 9. e3 cxd4 10. cxd4 0-0 11. Be2 Qa5+ 12. Qd2 Nc6 13. Qxa5 Nxa5 14. 0-0 Bf5 15. Bc7 Nc6 16. Rad1 Rac8 17. Bg3 Rfd8 18. Rd2 a6 19. Rfd1 Na5 20. Ne1 Nc4 21. Bxc4 Rxc4 1/2-1/2

[Event "Moscow-ch"]
[Site "Moscow"]
[Date "1996.??.??"]
[Round "11"]
[White "Glagolev, Boris"]
[Black "Taubin, Grigorij"]
[Result "0-1"]
[WhiteElo "2055"]
[BlackElo "2305"]
[PlyCount "71"]
[EventDate "1996.08.??"]
[EventType "swiss"]
[EventRounds "11"]
[EventCountry "RUS"]
[SourceTitle "CBM 055 Extra"]
[Source "ChessBase"]
[SourceDate "1997.01.01"]
[SourceVersion "1"]
[SourceVersionDate "1997.01.01"]
[SourceQuality "1"]

1. d4 Nf6 2. c4 c5 3. d5 d6 4. Nc3 e6 5. e4 exd5 6. cxd5 g6 7. f4 Bg7 8. Bb5+ Nfd7 9. Be3 0-0 10. Nf3 a6 11. Bd3 Re8 12. 0-0 Nf6 13. Kh1 Bg4 14. h3 Bxf3 15. Qxf3 Nbd7 16. a4 Qc7 17. a5 c4 18. Bc2 Nc5 19. g4 Re7 20. g5 Nh5 21. Rfd1 Bxc3 22. bxc3 Nxe4 23. Bb6 Qd7 24. Rg1 Rae8 25. Ba4 Qf5 26. Bxe8 Rxe8 27. Rad1 Nxf4 28. Rg4 Nxd5 29. Qxf5 gxf5 30. Rg2 Ndxc3 31. Rf1 Re5 32. Kh2 Rd5 33. Bd8 Kf8 34. Rb2 Nb5 35. Kg2 c3 36. Rb4 0-1

[Event "Moscow-ch"]
[Site "Moscow"]
[Date "1996.??.??"]
[Round "8"]
[White "Taubin, Grigorij"]
[Black "Kochetov, Dmitri A"]
[Result "1/2-1/2"]
[WhiteElo "2305"]
[BlackElo "2100"]
[PlyCount "22"]
[EventDate "1996.08.??"]
[EventType "swiss"]
[EventRounds "11"]
[EventCountry "RUS"]
[SourceTitle "CBM 055 Extra"]
[Source "ChessBase"]
[SourceDate "1997.01.01"]
[SourceVersion "1"]
[SourceVersionDate "1997.01.01"]
[SourceQuality "1"]

1. d4 d5 2. Nf3 Nf6 3. g3 Bg4 4. Bg2 Nc6 5. Ne5 Bf5 6. Nxc6 bxc6 7. 0-0 h5 8. h4 e6 9. Bf4 Bd6 10. e3 Rb8 11. b3 Ne4 1/2-1/2